000 00509nam a2200181Ia 4500
001 13250
005 20260306163040.0
008 260306t2012||||xx |||||||||||||| ||spa||
041 _aESP
082 _a001.42
_bG72
100 _aGonzález-Teruel, Aurora
_eAUT
245 0 _aMétodos y técnicas para la investigación del comportamiento informal:
_bfundamentos y nuevos desarrollos
260 _c2012
300 _a311 páginas :
_c24 cm.
650 _aGEN
654 _aCHU
942 _cLIB
_dJUS
_fJUS
_2ddc
_n
999 _c13250
_d13250